Online
Catalog

Descubrimientos y descubridores / (Record no. 24445)

MARC details
000 -CABECERA
campo de control de longitud fija 00518nam a2200181 a 4500
001 - NÚMERO DE CONTROL
campo de control 000024952
005 - FECHA Y HORA DE LA ÚLTIMA TRANSACCIÓN
campo de control 20200930023453.0
008 - DATOS DE LONGITUD FIJA--INFORMACIÓN GENERAL
campo de control de longitud fija 110208s1972 ve a r 000 0 spa d
040 ## - FUENTE DE LA CATALOGACIÓN
Centro catalogador/agencia de origen DO-SdBNP
Lengua de catalogación spa
Centro/agencia transcriptor BNPHU
082 ## - NÚMERO DE LA CLASIFICACIÓN DECIMAL DEWEY
Número de clasificación nn*
Número de documento/Ítem nn*
049 ## - FONDOS LOCALES (OCLC)
Fondos de biblioteca BNGR
100 1# - ENTRADA PRINCIPAL--NOMBRE DE PERSONA
Nombre de persona Rosson, Francisco de.
9 (RLIN) 51213
245 10 - MENCIÓN DE TÍTULO
Título Descubrimientos y descubridores /
Mención de responsabilidad, etc. Francisco de Rosson.
260 ## - PUBLICACIÓN, DISTRIBUCIÓN, ETC.
Lugar de publicación, distribución, etc. Caracas :
Nombre del editor, distribuidor, etc. Monte Avila,
Fecha de publicación, distribución, etc. 1972.
300 ## - DESCRIPCIÓN FÍSICA
Extensión 135 p. :
Otras características físicas il. ;
Dimensiones 16 cm.
490 1# - MENCIÓN DE SERIE
Mención de serie Científica.
Designación de volumen o secuencia 17
830 #0 - PUNTO DE ACCESO ADICIONAL DE SERIE-TÍTULO UNIFORME
Título uniforme Científica
Designación de volumen o secuencia 17
9 (RLIN) 25797
Holdings
Estado de retiro Estado de pérdida Restricciones de uso No para préstamo Código de colección Localización permanente Ubicación/localización actual Ubicación en estantería Fecha de adquisición Número de inventario Total de préstamos Signatura topográfica completa Código de barras Fecha visto por última vez Precio válido a partir de Tipo de ítem Koha
        Monografías: Libros y Folletos General General En catalogación 08.02.2011 LF1   nn* nn* 24952-10 25.06.2020 25.06.2020 Préstamo en sala

Powered by Koha